000 nam a22 a 4500
999 _c4256
_d4256
003 AKMAL
005 20170526085623.0
008 170526s2001 my | | 000 0 eng d
020 _a9679787362:
_cRM69.00
040 _aAKMAL
_cAKMAL
082 0 4 _a338.9595 NAV
_221
090 _a338.9595
_bNAV
100 1 _aNavaratnam, Ramon V.,
_cTan Sri Dato'
_93671
245 1 0 _aMalaysia's economic recovery :
_bpolicy reforms for economic sustainability /
_cRamon V. Navaratnam
260 _aSubang Jaya :
_bPelanduk Publications,
_c2001
300 0 0 _a239p. ;
_c22cm.
500 _aKoleksi Peribadi YABhg. Tun Ahmad Sarji (2100521)
504 _aBibliography: p. 227-231
650 1 0 _aEconomic stabilization
_zMalaysia
_93707
651 2 0 _aMalaysia
_xEconomic conditions
_963
651 2 0 _aMalaysia
_xEconomic policy
_949
942 _2ddc
_cBOOK